| 000 | 00414nam a22001457a 4500 | ||
|---|---|---|---|
| 999 |
_c11887 _d11887 |
||
| 008 | 190111b ||||| |||| 00| 0 eng d | ||
| 020 | _a971-511-549-7 | ||
| 082 |
_21995 _aDFil 306.81 _bSa31 |
||
| 100 |
_aSala, Harold J. _933816 |
||
| 245 |
_aMaking marriage work/ _cHarold J. Sala |
||
| 300 |
_a177 pages : _billustrations ; _c18 cm. |
||
| 500 | _aIncludes notes. | ||
| 650 |
_aMarriage _933817 |
||
| 942 |
_2ddc _cDFIL |
||